| 000 | 00722nam a2200205Ia 4500 | ||
|---|---|---|---|
| 003 | GCL | ||
| 008 | 140319s9999 xx 000 0 ara d | ||
| 040 |
_aGCL / _cGCL |
||
| 082 | 0 | 4 |
_a189.092 _bم ت |
| 100 | 1 | _aماريتيا ستيبا نياتس | |
| 245 | 1 | 0 |
_aالتراث الفلسفى الاسلامى فى ابحاث سوفياتية / _cماريتيا ستيبا نياتس |
| 700 | 1 | _aجماعة من الباحثين السوفيات | |
| 260 |
_a[S.N] : _bدار الفارابى ، _c1987 |
||
| 300 | _a173 ص | ||
| 490 |
_aبطولات اسلامية _v0 |
||
| 650 | 0 | 4 | _aالفلسفة الاسلامية |
| 650 | 0 | 4 | _aالفلسفة |
| 650 | 0 | 4 | _aالفلاسفة المسلمون |
| 942 |
_2ddc _cBK |
||
| 999 |
_c58606 _d58606 |
||